| 000 | 01442nab a2200241 i 4500 | ||
|---|---|---|---|
| 001 | 768714001 | ||
| 003 | CO-MdFUSB | ||
| 005 | 20240729100739.0 | ||
| 008 | 240729t1981 -us||||| |||| 00| 0 eng d | ||
| 040 |
_bspa _cCO-MdFUSB _dCO-MdFUSB |
||
| 041 | _aeng | ||
| 100 |
_aMacInnis, Donald E., _eautor |
||
| 245 | 0 | 4 |
_aThe North American Churches and China, 1949-1981 _c/ Donald E. MacInnis |
| 520 | _aEn 1948, Y. T. Wu escribió que China está experimentando cambios en la Iglesia cristiana y se está compadeciendo de sí misma. Y. T. Wu mencionó a la iglesia china, pero es posible que haya incluido a los misioneros, ya que las nuevas misiones misioneras a China en 1948 no estaban informadas sobre los problemas de justicia social que existían durante la guerra civil, que en ese momento se apoderaba de la mayor parte de China. Los líderes de la junta misional y los misioneros no discutieron estos asuntos en detalle. Aparentemente no fue un gran problema; estos disturbios finalmente disminuyeron como otros antes. | ||
| 546 | _aTexto en inglés. | ||
| 650 | 0 |
_aIglesia y problemas sociales _91177 |
|
| 650 | 0 |
_aMisiones _9154 |
|
| 650 | 7 |
_aReligión _9385 |
|
| 653 | _aChina | ||
| 773 | 0 |
_049483 _982850 _oR2696 _tInternational Bulletinof Missionary Research _w(CO-MdFUSB)768714001 _x0272-6122 _gVolumen 5, (número 2, 1981), páginas: 50 - 54 _qpágina: 50 |
|
| 942 | _cANA | ||
| 945 | _aCatherine Arias Álvarez - Practicante SENA | ||
| 999 |
_c70587 _d70587 |
||